| 000 | 00552nam a2200181 i 4500 | ||
|---|---|---|---|
| 001 | bg | ||
| 100 | 1 | _aGRABOWSKI, Henryk | |
| 245 | 0 |
_aStudia a sytuacja społeczno-zawodowa absolwentów uczelni wychowania fizycznego / _cHenryk Grabowski. |
|
| 260 |
_aWarszawa : _bPaństw. Wydawn. Nauk., _c1977. |
||
| 300 |
_as. 105, nlb. 2 : _btab. |
||
| 500 | _a[Streszcz. w jęz. ros. i ang.]. | ||
| 504 | _a[Zawiera bibliogr. s. 96-100]. | ||
| 040 | _cBPK | ||
| 041 | _apol | ||
| 080 | _a378.2:331 | ||
| 942 | _cKS | ||
| 008 | s pl f |000 0 pol | ||
| 999 |
_c9676 _d9676 |
||
| 856 |
_uhttp://koha.tu.koszalin.pl/cgi-bin/koha/opac-detail.pl?biblionumber=9676 _yKatalog online BPK |
||